QUEST Central Library Banner

Guinness world records 2011 : (Record no. 5351)

MARC details
000 -LEADER
fixed length control field 00570nam a2200157 a 4500
020 ## - INTERNATIONAL STANDARD BOOK NUMBER
ISBN 1897553056 (hardcover)
020 ## - INTERNATIONAL STANDARD BOOK NUMBER
ISBN 9781897553053 (hardcover)
100 1# - MAIN ENTRY--AUTHOR NAME
Personal name Glenday, Craig.
245 10 - TITLE STATEMENT
Title Guinness world records 2011 :
260 ## - PUBLICATION, DISTRIBUTION, ETC. (IMPRINT)
Place of publication [S.l.] :
Name of publisher Canadian Manda Group,
Year of publication 2010.
300 ## - PHYSICAL DESCRIPTION
Number of Pages 1 v. (unpaged) ;
856 40 - ELECTRONIC LOCATION AND ACCESS
Uniform Resource Identifier http://www.amazon.com/exec/obidos/ASIN/1897553056/chopaconline-20
Holdings
Withdrawn status Lost status Home library Current library Date acquired Cost, normal purchase price Full call number Accession Number Koha item type
    Central Library, QUEST, Nawabshah Central Library, QUEST, Nawabshah 05/06/2014 1395.00 032.0922GLE 40197 Books

Copyright © 2018,The QUEST, Nawabshah, Shaheed Benazirabad. All rights reserved
Mr. G. Farooq Channar (Librarian) QUEST, Nawabshah, Sindh, Pakistan 67480.
 Ph#: |   0244-9370381-4 Ext. 2308   Email| lib@quest.edu.pk   Web|  http://www.quest.edu.pk